[Event "COL-ch Students"]
[Site "Santa Fe"]
[Date "2023.09.23"]
[Round "2"]
[White "Giraldo Bohorquez, Lucas"]
[Black "Valderrama Quiceno, Esteban Alberto"]
[Result "0-1"]
[WhiteElo "1961"]
[BlackElo "2424"]
[PlyCount "39"]
[EventDate "2023.09.23"]
[EventType "swiss"]
[EventRounds "6"]
[EventCountry "COL"]
[SourceTitle "EXT 2024"]
[Source "ChessBase"]
[SourceDate "2023.10.10"]
[SourceVersion "1"]
[SourceVersionDate "2023.10.10"]
[SourceQuality "1"]

1. d4 Nf6 2. c4 e6 3. Nc3 Bb4 4. f3 d5 5. a3 Bxc3+ 6. bxc3 c5 7. cxd5 exd5 8. e3 c4 9. Ne2 h5 10. Qc2 Qe7 11. Ng3 Nc6 12. a4 Na5 13. Qf2 h4 14. Ne2 Bf5 15. Ba3 Qd7 16. Nc1 0-0-0 17. Qb2 Rde8 18. Kf2 Bg6 19. Ne2 Qe6 20. Ke1 0-1

[Event "Medellin Easter op 11th"]
[Site "Medellin"]
[Date "2023.04.05"]
[Round "1"]
[White "Rodriguez Tovar, Liliana"]
[Black "Giraldo Bohorquez, Lucas"]
[Result "0-1"]
[WhiteElo "1186"]
[BlackElo "1970"]
[PlyCount "54"]
[EventDate "2023.04.05"]
[EventType "swiss"]
[EventRounds "7"]
[EventCountry "COL"]
[SourceTitle "CBM 213 Extra"]
[Source "ChessBase"]
[SourceDate "2023.05.31"]
[SourceVersion "1"]
[SourceVersionDate "2023.05.31"]
[SourceQuality "1"]

1. d4 d5 2. Nf3 Nf6 3. e3 Bf5 4. c4 c6 5. Qb3 Qb6 6. Nc3 e6 7. Be2 h6 8. 0-0 Nbd7 9. cxd5 Qxb3 10. axb3 exd5 11. Nh4 Bc2 12. f4 Bxb3 13. Bd3 Bb4 14. Nf5 g6 15. Ng3 0-0 16. e4 dxe4 17. Ngxe4 Nxe4 18. Nxe4 f5 19. Nd2 Bxd2 20. Bxd2 Nf6 21. Ra3 Bd5 22. Bb4 Rfe8 23. Re1 Rxe1+ 24. Bxe1 a6 25. h3 Re8 26. Bh4 Nh5 27. Bf1 Re4 0-1

[Event "Sabaneta op-A 1st"]
[Site "Sabaneta"]
[Date "2022.11.30"]
[Round "8"]
[White "Giraldo Bohorquez, Lucas"]
[Black "Betancourt Giraldo, David Rogelio"]
[Result "0-1"]
[WhiteElo "1935"]
[BlackElo "2035"]
[PlyCount "107"]
[EventDate "2022.11.25"]
[EventType "swiss"]
[EventRounds "10"]
[EventCountry "COL"]
[SourceTitle "CBM 211 Extra"]
[Source "ChessBase"]
[SourceDate "2023.01.31"]
[SourceVersion "1"]
[SourceVersionDate "2023.01.31"]
[SourceQuality "1"]

1. d4 Nf6 2. c4 e6 3. Nc3 Bb4 4. f3 c5 5. d5 d6 6. e4 Bxc3+ 7. bxc3 e5 8. Ne2 Nh5 9. Be3 g6 10. g4 Ng7 11. Ng3 h5 12. g5 Nd7 13. h4 Qa5 14. Qc2 a6 15. Bd3 0-0 16. 0-0 Qc7 17. Rf2 b6 18. Kh2 Bb7 19. Bf1 Rae8 20. Bh3 Bc8 21. Rb1 Re7 22. Qb3 Ne8 23. Rg1 Kh7 24. Qb1 Ng7 25. Rb2 Ne8 26. Nh1 f6 27. Be6 Ng7 28. gxf6 Nxf6 29. Bxc8 Qxc8 30. Rxb6 Nfe8 31. Rc6 Qd7 32. Qf1 Ref7 33. Qg2 Rxf3 34. Qxg6+ Kg8 35. Rg3 Rxg3 36. Nxg3 Nf6 37. Nf5 Ng4+ 38. Kg3 Rxf5 39. exf5 Qxf5 40. Rxd6 Qxg6 41. Rxg6 Nxe3 42. Rxa6 Nxc4 43. Rc6 Nf5+ 44. Kh3 e4 45. Rxc5 Ncd6 46. a4 e3 47. Kg2 Nxh4+ 48. Kf1 Ne4 49. Rc8+ Kf7 50. Ke2 Nf5 51. a5 Neg3+ 52. Ke1 Nh4 53. Rc7+ Ke8 54. Rc6 0-1

[Event "Sabaneta op-A 1st"]
[Site "Sabaneta"]
[Date "2022.11.27"]
[Round "4"]
[White "Giraldo Bohorquez, Lucas"]
[Black "Toro Castaneda, Elizabeth"]
[Result "0-1"]
[WhiteElo "1935"]
[BlackElo "2001"]
[PlyCount "106"]
[EventDate "2022.11.25"]
[EventType "swiss"]
[EventRounds "10"]
[EventCountry "COL"]
[SourceTitle "CBM 211 Extra"]
[Source "ChessBase"]
[SourceDate "2023.01.31"]
[SourceVersion "1"]
[SourceVersionDate "2023.01.31"]
[SourceQuality "1"]

1. d4 Nf6 2. c4 g6 3. Nc3 Bg7 4. e4 d6 5. Be2 0-0 6. Nf3 e5 7. d5 Nbd7 8. Bg5 h6 9. Bh4 g5 10. Bg3 Nh5 11. h4 Nf4 12. hxg5 hxg5 13. Qc2 Re8 14. 0-0-0 a5 15. Nh2 Nxg2 16. Ng4 Nf4 17. Nh6+ Kf8 18. Bg4 Qf6 19. Nf5 Nc5 20. Nb5 Na6 21. a3 Bxf5 22. Bxf5 Red8 23. f3 c6 24. Nc3 Nc5 25. Bf2 Ng6 26. b4 axb4 27. axb4 Na6 28. Qb3 Ne7 29. Bg4 cxd5 30. cxd5 Ng8 31. Bb6 Re8 32. Nb5 Nh6 33. Rhf1 Nxg4 34. fxg4 Qe7 35. Kb2 Qd7 36. Nc3 Qxg4 37. b5 Nc5 38. Bxc5 dxc5 39. d6 Qe6 40. Nd5 c4 41. Qb4 c3+ 42. Kxc3 Qh3+ 43. Kb2 Qg2+ 44. Kb1 Qa2+ 45. Kc1 Rec8+ 46. Nc3 Bh6 47. d7+ Kg7 48. Rh1 Rc7 49. Rxh6 Qa1+ 50. Kc2 Ra2+ 51. Kd3 Rxc3+ 52. Qxc3 Qxd1+ 53. Kc4 Kxh6 0-1

[Event "Medellin U2000 op"]
[Site "Medellin"]
[Date "2022.05.19"]
[Round "2"]
[White "Giraldo Bohorquez, Lucas"]
[Black "Rijnders, Michiel"]
[Result "1-0"]
[WhiteElo "1807"]
[BlackElo "1605"]
[PlyCount "57"]
[EventDate "2022.05.18"]
[EventType "swiss"]
[EventRounds "7"]
[EventCountry "COL"]
[SourceTitle "CBM 208 Extra"]
[Source "ChessBase"]
[SourceDate "2022.07.31"]
[SourceVersion "1"]
[SourceVersionDate "2022.07.31"]
[SourceQuality "1"]

1. d4 d5 2. c4 c6 3. Nc3 Nf6 4. e3 Bf5 5. cxd5 Nxd5 6. Nge2 e6 7. e4 Nxc3 8. Nxc3 Bg6 9. Be3 Bb4 10. f3 Nd7 11. Qb3 Qe7 12. a3 Bxc3+ 13. bxc3 Nf6 14. Be2 0-0 15. 0-0 Rfd8 16. Rfb1 b6 17. a4 e5 18. a5 exd4 19. cxd4 b5 20. Rc1 Rac8 21. a6 Nd7 22. Rc3 Nb8 23. Rac1 Qd7 24. Qa2 Kh8 25. d5 f6 26. dxc6 Rxc6 27. Rxc6 Nxc6 28. Bxb5 Bf7 29. Qa4 1-0

[Event "Medellin Easter op 10th"]
[Site "Medellin"]
[Date "2022.04.16"]
[Round "6"]
[White "Giraldo Bohorquez, Lucas"]
[Black "Henao, Bernardo Andres"]
[Result "1-0"]
[WhiteElo "1768"]
[BlackElo "2101"]
[PlyCount "71"]
[EventDate "2022.04.13"]
[EventType "swiss"]
[EventRounds "8"]
[EventCountry "COL"]
[SourceTitle "CBM 207 Extra"]
[Source "ChessBase"]
[SourceDate "2022.05.31"]
[SourceVersion "1"]
[SourceVersionDate "2022.05.31"]
[SourceQuality "1"]

1. d4 d5 2. c4 Nc6 3. cxd5 Qxd5 4. Nf3 e5 5. Nc3 Bb4 6. a3 Bxc3+ 7. bxc3 e4 8. Nd2 e3 9. fxe3 Nf6 10. c4 Qf5 11. g3 0-0 12. Bg2 Ng4 13. Nf3 Re8 14. d5 Nce5 15. Qd4 Bd7 16. 0-0 Qh5 17. h3 Nh6 18. g4 Bxg4 19. hxg4 Nhxg4 20. e4 f5 21. Bf4 c5 22. Qxc5 Ng6 23. Bg3 f4 24. Bf2 Rxe4 25. d6 N6e5 26. Bd4 Rxe2 27. Bxe5 Rxe5 28. Qd4 Rf5 29. Rfd1 Rd8 30. d7 Rf7 31. Qd6 Qf5 32. Qc7 Rfxd7 33. Rxd7 Rxd7 34. Qc8+ Kf7 35. Re1 Ne3 36. Qxd7+ 1-0

[Event "Medellin Easter op 10th"]
[Site "Medellin"]
[Date "2022.04.15"]
[Round "4"]
[White "Salcedo Perez, Pablo Esteban"]
[Black "Giraldo Bohorquez, Lucas"]
[Result "1-0"]
[WhiteElo "2141"]
[BlackElo "1768"]
[PlyCount "79"]
[EventDate "2022.04.13"]
[EventType "swiss"]
[EventRounds "8"]
[EventCountry "COL"]
[SourceTitle "CBM 207 Extra"]
[Source "ChessBase"]
[SourceDate "2022.05.31"]
[SourceVersion "1"]
[SourceVersionDate "2022.05.31"]
[SourceQuality "1"]

1. d4 d5 2. c4 c6 3. Nc3 Nf6 4. Nf3 Bf5 5. Qb3 Bc8 6. Bf4 e6 7. e3 Bd6 8. Bg3 0-0 9. Bd3 Qc7 10. Rc1 a6 11. 0-0 Bxg3 12. hxg3 Qa5 13. a3 Nbd7 14. Qa2 dxc4 15. Bxc4 Qh5 16. e4 Ng4 17. Be2 g5 18. b4 b6 19. Qd2 h6 20. Nd1 f5 21. Ne3 Ndf6 22. exf5 exf5 23. Bd3 Nxe3 24. Qxe3 Bd7 25. Ne5 Rae8 26. Be2 g4 27. Bc4+ Kh7 28. Qb3 Re7 29. Nxd7 Rxd7 30. Bxa6 Rd6 31. Bd3 Nd5 32. Rfe1 Qg5 33. Bc4 Qf6 34. Re5 f4 35. Bxd5 cxd5 36. Rc7+ Kh8 37. Ree7 Qxd4 38. Qc2 Qa1+ 39. Kh2 fxg3+ 40. fxg3 1-0

[Event "Medellin Easter op 10th"]
[Site "Medellin"]
[Date "2022.04.13"]
[Round "1"]
[White "Giraldo Bohorquez, Lucas"]
[Black "Baules Rodriguez, Jorge Luis"]
[Result "1/2-1/2"]
[WhiteElo "1768"]
[BlackElo "2329"]
[PlyCount "55"]
[EventDate "2022.04.13"]
[EventType "swiss"]
[EventRounds "8"]
[EventCountry "COL"]
[SourceTitle "CBM 207 Extra"]
[Source "ChessBase"]
[SourceDate "2022.05.31"]
[SourceVersion "1"]
[SourceVersionDate "2022.05.31"]
[SourceQuality "1"]

1. d4 Nf6 2. c4 g6 3. Nc3 d5 4. cxd5 Nxd5 5. e4 Nxc3 6. bxc3 Bg7 7. Bg5 0-0 8. Rc1 c5 9. Nf3 cxd4 10. cxd4 Bg4 11. d5 Qd6 12. Be2 e6 13. h3 Bxf3 14. Bxf3 Nd7 15. dxe6 Qxe6 16. Qd5 Qxd5 17. exd5 Rfe8+ 18. Kf1 Rac8 19. g3 Ne5 20. Rxc8 Rxc8 21. Bd1 Rc5 22. f4 Nc4 23. Ke2 Rxd5 24. Bb3 b5 25. Rd1 Rxd1 26. Kxd1 Kf8 27. Ke2 Ke8 28. Kd3 1/2-1/2

[Event "COL-ch U20"]
[Site "Duitama"]
[Date "2021.03.19"]
[Round "3"]
[White "Rojas Castillo, Leibnitz Edison"]
[Black "Giraldo Bohorquez, Lucas"]
[Result "0-1"]
[WhiteElo "1815"]
[BlackElo "1701"]
[PlyCount "176"]
[EventDate "2021.03.18"]
[EventType "swiss"]
[EventRounds "7"]
[EventCountry "COL"]
[SourceTitle "EXT 2022"]
[Source "ChessBase"]
[SourceDate "2021.10.06"]
[SourceVersion "1"]
[SourceVersionDate "2021.10.06"]
[SourceQuality "1"]

1. e4 e6 2. Nf3 d5 3. Nc3 Nf6 4. e5 Nfd7 5. d4 c5 6. dxc5 Nc6 7. Bf4 Nxc5 8. Be2 Be7 9. Bg3 a6 10. Nd4 Bd7 11. Qd2 b5 12. a3 Qb6 13. Nxc6 Bxc6 14. Qd4 0-0 15. Na2 Rfc8 16. 0-0 Na4 17. Qxb6 Nxb6 18. Nb4 Bd7 19. Rfc1 Rc7 20. Bf3 Bc6 21. Bf4 a5 22. Nd3 Nc4 23. Rd1 Rac8 24. Bc1 Bd7 25. b3 Nb6 26. Be3 Na8 27. Ne1 a4 28. b4 Rb8 29. Be2 Nb6 30. Bd4 Nc4 31. Nd3 Be8 32. f4 f6 33. c3 Bg6 34. Nc5 Bxc5 35. Bxc5 fxe5 36. fxe5 Rxc5 37. bxc5 Nxe5 38. Rd4 Nc4 39. h4 Rc8 40. Bg4 Rc6 41. Re1 Kf7 42. h5 Bc2 43. Rf4+ Ke7 44. Ref1 Rxc5 45. Rf7+ Kd6 46. Rxg7 Ne3 47. Rf3 Nxg4 48. Rxg4 Bd1 49. Rgg3 Bxf3 50. Rxf3 Rc7 51. g4 Rg7 52. Rg3 Kc5 53. Kf2 Kc4 54. Ke3 Kxc3 55. Kf4+ Kd4 56. g5 Rf7+ 57. Kg4 Ke4 58. g6 hxg6 59. hxg6 Rg7 60. Kg5 d4 61. Kf6 Rg8 62. Kf7 Rc8 63. Rg4+ Ke3 64. Rg3+ Kf4 65. Rh3 e5 66. g7 e4 67. Kf6 d3 68. Rh4+ Kf3 69. Rh8 d2 70. Rxc8 d1Q 71. g8Q Qd6+ 72. Kf5 Qd7+ 73. Ke5 Qe7+ 74. Kd5 e3 75. Rf8+ Ke2 76. Qg4+ Ke1 77. Qg1+ Kd2 78. Qg2+ e2 79. Rf2 b4 80. axb4 a3 81. Qg1 Qxb4 82. Qg5+ Kd1 83. Qg6 Qb3+ 84. Kd4 e1Q 85. Qg4+ Kc1 86. Qf4+ Kb1 87. Qf5+ Ka1 88. Rf1 Qbd1+ 0-1

[Event "Medellin Antioquia 2nd League"]
[Site "Medellin"]
[Date "2021.??.??"]
[Round "3"]
[White "Giraldo Bohorquez, Lucas"]
[Black "Cordoba Perez, Jeronimo"]
[Result "1-0"]
[WhiteElo "1724"]
[BlackElo "1864"]
[PlyCount "69"]
[EventDate "2021.08.31"]
[EventType "swiss"]
[EventRounds "7"]
[EventCountry "COL"]
[SourceTitle "CBM 204 Extra"]
[Source "ChessBase"]
[SourceDate "2021.11.30"]
[SourceVersion "1"]
[SourceVersionDate "2021.11.30"]
[SourceQuality "1"]

1. d4 Nf6 2. c4 e6 3. Nc3 Bb4 4. f3 c5 5. d5 b5 6. e4 bxc4 7. Bxc4 Ba6 8. Bxa6 Nxa6 9. Nge2 0-0 10. 0-0 c4 11. Be3 Nc5 12. Qd4 Rc8 13. Qxc4 Bxc3 14. Qxc3 Ncxe4 15. Qd4 Nc5 16. Rac1 d6 17. dxe6 Nxe6 18. Rxc8 Qxc8 19. Qd2 Qb7 20. Rd1 h6 21. Nd4 d5 22. Nxe6 fxe6 23. Bd4 Qa6 24. a3 Kh7 25. Rc1 Re8 26. Qc2+ Kh8 27. Bxf6 gxf6 28. Qg6 Rf8 29. Qxh6+ Kg8 30. Qg6+ Kh8 31. Qh5+ Kg8 32. Qg4+ Kf7 33. Rc7+ Ke8 34. Qg7 Qb6+ 35. Kh1 1-0

[Event "Medellin Antioquia 2nd League"]
[Site "Medellin"]
[Date "2021.??.??"]
[Round "6"]
[White "Loaiza Cuervo, Santiago"]
[Black "Giraldo Bohorquez, Lucas"]
[Result "1-0"]
[WhiteElo "1745"]
[BlackElo "1724"]
[PlyCount "29"]
[EventDate "2021.08.31"]
[EventType "swiss"]
[EventRounds "7"]
[EventCountry "COL"]
[SourceTitle "CBM 204 Extra"]
[Source "ChessBase"]
[SourceDate "2021.11.30"]
[SourceVersion "1"]
[SourceVersionDate "2021.11.30"]
[SourceQuality "1"]

1. e4 e6 2. d4 d5 3. Nc3 Nf6 4. e5 Nfd7 5. f4 c5 6. Nf3 Nc6 7. Be3 Be7 8. Qd2 0-0 9. dxc5 Qa5 10. 0-0-0 b6 11. Bb5 Bb7 12. Kb1 Kh8 13. Nd4 Nxd4 14. Bxd4 Rfd8 15. c6 1-0

[Event "Medellin Luces op"]
[Site "Medellin"]
[Date "2020.12.15"]
[Round "7"]
[White "Cordoba Roa, Angel Gabriel"]
[Black "Giraldo Bohorquez, Lucas"]
[Result "1/2-1/2"]
[WhiteElo "1892"]
[BlackElo "1693"]
[PlyCount "76"]
[EventDate "2020.12.12"]
[EventType "swiss"]
[EventRounds "7"]
[EventCountry "COL"]
[SourceTitle "CBM 199 Extra"]
[Source "ChessBase"]
[SourceDate "2021.01.31"]
[SourceVersion "1"]
[SourceVersionDate "2021.01.31"]
[SourceQuality "1"]

1. e4 Nf6 2. e5 Nd5 3. Nf3 d6 4. d4 g6 5. Bc4 Nb6 6. Bb3 Bg7 7. 0-0 0-0 8. h3 Nc6 9. exd6 cxd6 10. Nc3 Na5 11. Re1 h6 12. Nd5 e6 13. Nxb6 Qxb6 14. Be3 Nxb3 15. axb3 Qc7 16. Qd2 Kh7 17. c4 b6 18. Qd3 Bb7 19. Bf4 Rfd8 20. Bd2 e5 21. d5 f5 22. Qe3 f4 23. Qe2 Bc8 24. Bc3 Bf5 25. Nd2 Rg8 26. Ne4 Raf8 27. Ra3 Rf7 28. Rea1 Qb8 29. b4 Bf8 30. Bd2 g5 31. f3 h5 32. Kf2 Rg6 33. Ke1 g4 34. hxg4 hxg4 35. Kd1 gxf3 36. gxf3 Rfg7 37. Kc2 Kg8 38. Qd3 Rf7 1/2-1/2

[Event "Medellin Luces op"]
[Site "Medellin"]
[Date "2020.12.14"]
[Round "5"]
[White "Ruiz Agudelo, Jeronimo"]
[Black "Giraldo Bohorquez, Lucas"]
[Result "0-1"]
[WhiteElo "1434"]
[BlackElo "1693"]
[PlyCount "50"]
[EventDate "2020.12.12"]
[EventType "swiss"]
[EventRounds "7"]
[EventCountry "COL"]
[SourceTitle "CBM 199 Extra"]
[Source "ChessBase"]
[SourceDate "2021.01.31"]
[SourceVersion "1"]
[SourceVersionDate "2021.01.31"]
[SourceQuality "1"]

1. e4 e6 2. d4 d5 3. Nc3 Nf6 4. Bg5 Be7 5. e5 Nfd7 6. Bxe7 Qxe7 7. f4 0-0 8. Nf3 c5 9. Nb5 Nc6 10. Nd6 cxd4 11. Nxd4 f6 12. Nxc6 bxc6 13. Nxc8 Qb4+ 14. c3 Qxb2 15. Ne7+ Kf7 16. Qc1 Qxc1+ 17. Rxc1 Kxe7 18. exf6+ Rxf6 19. g3 Rb8 20. Bd3 Rb2 21. a4 e5 22. 0-0 e4 23. Bb1 Nb6 24. a5 Nc4 25. Rfe1 Nd2 0-1

[Event "Online Olym Disabilities"]
[Site "Tornelo INT"]
[Date "2020.11.24"]
[Round "4.6"]
[White "Nguyen, Thi Hong"]
[Black "Giraldo Bohorquez, Lucas"]
[Result "1-0"]
[WhiteElo "1124"]
[BlackElo "1693"]
[PlyCount "115"]
[EventDate "2020.11.21"]
[EventType "team-swiss (rapid)"]
[EventRounds "7"]
[EventCountry "NET"]
[SourceTitle "CBM 199 Extra"]
[Source "ChessBase"]
[SourceDate "2021.01.31"]
[SourceVersion "1"]
[SourceVersionDate "2021.01.31"]
[SourceQuality "1"]
[WhiteTeam "Vietnam"]
[BlackTeam "Colombia"]
[WhiteTeamCountry "VIE"]
[BlackTeamCountry "COL"]

1. d4 d5 2. c4 e6 3. Nc3 Be7 4. Nf3 Nf6 5. e3 0-0 6. Bd3 dxc4 7. Bxc4 b6 8. 0-0 Bb7 9. Re1 c5 10. e4 cxd4 11. Nxd4 Bc5 12. Ndb5 Qxd1 13. Rxd1 Nc6 14. Nd6 Bxd6 15. Rxd6 Ne5 16. Be2 Nxe4 17. Nxe4 Bxe4 18. Bf4 Ng6 19. Bg3 Rfd8 20. Rad1 Bd5 21. a3 f5 22. f3 f4 23. Rxd8+ Rxd8 24. Bf2 Ne7 25. Bc4 Nf5 26. Bb3 Rc8 27. Bxd5 exd5 28. Kf1 d4 29. Rd2 Rd8 30. Ke2 Ne3 31. g3 g5 32. gxf4 gxf4 33. Bh4 Rd5 34. Bf6 Nf5 35. Kd3 Kf7 36. Ke4 Rb5 37. Bxd4 Nxd4 38. Kxd4 Ke6 39. Ke4 Rc5 40. Kxf4 Rc4+ 41. Kg3 Rc7 42. h4 h5 43. Kf4 Rc4+ 44. Kg5 Rc5+ 45. Kh6 Rf5 46. Rf2 Ke5 47. Kg6 Kf4 48. Rf1 Rb5 49. b4 Kg3 50. f4 Kxh4 51. f5 Rd5 52. f6 Rd6 53. Kg7 Kg3 54. f7 Rd7 55. Kg8 Rxf7 56. Rxf7 a5 57. bxa5 bxa5 58. Rf5 1-0

[Event "COL-ch Visually disabled"]
[Site "Cartagena"]
[Date "2019.12.04"]
[Round "3.9"]
[White "Giraldo Bohorquez, Lucas"]
[Black "Dagua, David"]
[Result "0-1"]
[WhiteElo "1733"]
[BlackElo "1514"]
[PlyCount "86"]
[EventDate "2019.12.03"]
[EventType "swiss"]
[EventRounds "7"]
[EventCountry "COL"]
[SourceTitle "EXT 2024"]
[Source "ChessBase"]
[SourceDate "2023.10.10"]
[SourceVersion "1"]
[SourceVersionDate "2023.10.10"]
[SourceQuality "1"]

1. d4 d5 2. c4 e6 3. Nc3 Nf6 4. cxd5 exd5 5. Bg5 c6 6. e3 Be7 7. Bd3 Nbd7 8. Qc2 h6 9. Bf4 Nh5 10. Nge2 Nxf4 11. Nxf4 Nb6 12. 0-0 0-0 13. Rad1 Qd6 14. Nfe2 Bg4 15. f3 Bh5 16. Nf4 Bg6 17. Bxg6 fxg6 18. Nxg6 Rf6 19. Ne5 Raf8 20. f4 Qd8 21. b3 Bd6 22. Ne2 Qe8 23. Nc1 Nc8 24. Ncd3 Ne7 25. Nc5 Bxc5 26. Qxc5 b6 27. Qa3 Nf5 28. Rd3 a5 29. b4 axb4 30. Qxb4 b5 31. Rc1 Re6 32. Qe1 Rff6 33. g4 Ne7 34. h4 Ng6 35. f5 Nxe5 36. dxe5 Rxe5 37. Qg3 Re4 38. a3 h5 39. gxh5 Qxh5 40. Rd4 Rxd4 41. exd4 Qxf5 42. Kh2 Rg6 43. Qe3 Qg4 0-1

[Event "Pan American-ch School U17"]
[Site "Medellin"]
[Date "2019.11.17"]
[Round "9"]
[White "Giraldo Bohorquez, Lucas"]
[Black "Restrepo Borrero, Mateo"]
[Result "1-0"]
[WhiteElo "1733"]
[BlackElo "1598"]
[PlyCount "77"]
[EventDate "2019.11.12"]
[EventType "swiss"]
[EventRounds "9"]
[EventCountry "COL"]
[SourceTitle "CBM 193 Extra"]
[Source "ChessBase"]
[SourceDate "2020.01.31"]
[SourceVersion "1"]
[SourceVersionDate "2020.01.31"]
[SourceQuality "1"]

1. d4 d5 2. c4 e6 3. Nc3 Nf6 4. cxd5 exd5 5. Bg5 Be7 6. e3 c6 7. Bd3 0-0 8. Qc2 Nbd7 9. Nf3 Re8 10. 0-0 Nf8 11. h3 Ne4 12. Bf4 Ng5 13. Bxg5 Bxg5 14. b4 Qf6 15. Ne5 Ng6 16. Bxg6 hxg6 17. b5 Bf5 18. Qa4 Rec8 19. g4 cxb5 20. Qb3 Be6 21. Nxb5 Qd8 22. a4 Bf6 23. Nd3 b6 24. Nb4 Be7 25. Rfc1 Rc4 26. Nc6 Qe8 27. Ne5 Rb4 28. Qd3 Bd8 29. Qd2 Qf8 30. Nc6 Rc4 31. Ncxa7 Bd7 32. Rxc4 dxc4 33. Qc3 Qe7 34. Qxc4 Qe4 35. Nd6 Qf3 36. Nab5 Bc6 37. e4 Bxe4 38. Nxe4 Qxe4 39. Rc1 1-0

[Event "Pan American-ch School U17"]
[Site "Medellin"]
[Date "2019.11.15"]
[Round "6"]
[White "Guzman Hidalgo, Nicolas"]
[Black "Giraldo Bohorquez, Lucas"]
[Result "1-0"]
[WhiteElo "1504"]
[BlackElo "1733"]
[PlyCount "55"]
[EventDate "2019.11.12"]
[EventType "swiss"]
[EventRounds "9"]
[EventCountry "COL"]
[SourceTitle "CBM 193 Extra"]
[Source "ChessBase"]
[SourceDate "2020.01.31"]
[SourceVersion "1"]
[SourceVersionDate "2020.01.31"]
[SourceQuality "1"]

1. e4 e6 2. d4 d5 3. exd5 exd5 4. Nf3 Bd6 5. Bd3 Nc6 6. 0-0 Nge7 7. Nbd2 Bg4 8. Nb3 0-0 9. Bxh7+ Kh8 10. Bd3 Nb4 11. Be2 Bf5 12. Ne1 c6 13. c3 Na6 14. Bd3 g6 15. Bh6 Re8 16. Bg5 Qd7 17. Qd2 Kg7 18. Bh6+ Kh7 19. f3 Rh8 20. g4 Be6 21. Bf4 Kg7 22. Bxa6 bxa6 23. Nd3 Rae8 24. Nbc5 Bxc5 25. Nxc5 Qc8 26. Rae1 Ng8 27. Qe2 Nf6 28. g5 1-0

[Event "Pan American-ch School U17"]
[Site "Medellin"]
[Date "2019.11.14"]
[Round "4"]
[White "Analuisa Ramirez, Jaime Gonzalo"]
[Black "Giraldo Bohorquez, Lucas"]
[Result "1/2-1/2"]
[WhiteElo "1394"]
[BlackElo "1733"]
[PlyCount "122"]
[EventDate "2019.11.12"]
[EventType "swiss"]
[EventRounds "9"]
[EventCountry "COL"]
[SourceTitle "CBM 193 Extra"]
[Source "ChessBase"]
[SourceDate "2020.01.31"]
[SourceVersion "1"]
[SourceVersionDate "2020.01.31"]
[SourceQuality "1"]

1. c4 Nf6 2. Nc3 g6 3. Nf3 Bg7 4. g3 0-0 5. Bg2 d6 6. 0-0 e5 7. d3 Nc6 8. Rb1 a5 9. a3 h6 10. b4 axb4 11. axb4 Be6 12. Bd2 Qd7 13. b5 Ne7 14. Qc1 g5 15. c5 Bh3 16. Ne4 Bxg2 17. Nxf6+ Bxf6 18. Kxg2 Bg7 19. e4 f5 20. b6 fxe4 21. dxe4 Qg4 22. Qc4+ d5 23. Qe2 dxe4 24. Nd4 Qxe2 25. Nxe2 Ra2 26. Rfd1 Rd8 27. bxc7 Rdxd2 28. Rxd2 Rxd2 29. Nc3 e3 30. Ne4 Rd7 31. fxe3 Rxc7 32. Nd6 Rxc5 33. Rxb7 Nd5 34. Nf5 Bf8 35. Kf3 Nf6 36. g4 e4+ 37. Kg3 h5 38. h3 h4+ 39. Kg2 Rc2+ 40. Kg1 Nd5 41. Nd4 Rc1+ 42. Kf2 Bd6 43. Nf5 Rc2+ 44. Kf1 Be5 45. Rb5 Nxe3+ 46. Nxe3 Rc1+ 47. Kf2 Bg3+ 48. Ke2 Bf4 49. Rb4 Rh1 50. Ng2 Rh2 51. Kf1 Rxh3 52. Rxe4 Rf3+ 53. Ke2 Rg3 54. Nxf4 Rxg4 55. Kf3 Rg3+ 56. Kf2 g4 57. Nh5 Rf3+ 58. Kg2 h3+ 59. Kh2 Rf2+ 60. Kg1 Rg2+ 61. Kh1 Rf2 1/2-1/2

[Event "Medellin Raza op 9th"]
[Site "Medellin"]
[Date "2019.10.12"]
[Round "3"]
[White "Soto, Cristian Camilo"]
[Black "Giraldo Bohorquez, Lucas"]
[Result "1-0"]
[WhiteElo "2067"]
[BlackElo "1735"]
[PlyCount "57"]
[EventDate "2019.10.11"]
[EventType "swiss"]
[EventRounds "8"]
[EventCountry "COL"]
[SourceTitle "CBM 192 Extra"]
[Source "Chessbase"]
[SourceDate "2019.11.06"]
[SourceVersion "1"]
[SourceVersionDate "2019.11.06"]
[SourceQuality "1"]

1. c4 Nf6 2. Nc3 g6 3. d4 Bg7 4. e4 d6 5. f3 0-0 6. Be3 e5 7. d5 Nbd7 8. Bd3 a6 9. Nge2 Rb8 10. a4 a5 11. g4 Nc5 12. Ng3 Nfd7 13. Bc2 c6 14. Qd2 cxd5 15. cxd5 b6 16. h4 Ba6 17. h5 Qe7 18. Qh2 g5 19. Nf5 Qd8 20. h6 Bf6 21. Nxd6 Nd3+ 22. Bxd3 Bxd3 23. Kd2 Ba6 24. Ndb5 Qe7 25. d6 Qe6 26. Qh5 Kh8 27. Bxg5 Rfc8 28. Bxf6+ Nxf6 29. Qf5 1-0

[Event "Medellin Aristizabal Cup"]
[Site "Medellin"]
[Date "2019.06.21"]
[Round "1"]
[White "Escobar Medina, Andres F"]
[Black "Giraldo Bohorquez, Lucas"]
[Result "1-0"]
[WhiteElo "2294"]
[BlackElo "1683"]
[PlyCount "57"]
[EventDate "2019.06.21"]
[EventType "swiss"]
[EventRounds "7"]
[EventCountry "COL"]
[SourceTitle "EXT 2020"]
[Source "ChessBase"]
[SourceDate "2019.10.17"]
[SourceVersion "1"]
[SourceVersionDate "2019.10.17"]
[SourceQuality "1"]

1. e4 e6 2. c4 c5 3. Nf3 Nc6 4. d4 cxd4 5. Nxd4 Be7 6. Nc3 a6 7. Be2 Nf6 8. 0-0 0-0 9. Be3 Qc7 10. Rc1 b6 11. f4 d6 12. Nd5 exd5 13. cxd5 Nxe4 14. Rxc6 Qd7 15. Qc2 Nf6 16. Rc7 Qe8 17. Bf3 Bd8 18. Rc3 b5 19. Nc6 Bg4 20. Bxg4 Nxg4 21. Bd4 Bf6 22. Rg3 Bxd4+ 23. Nxd4 Ne3 24. Qc3 Nxd5 25. Rxg7+ Kh8 26. Rxh7+ Kxh7 27. Qh3+ Kg7 28. Qg4+ Kh7 29. Nf5 1-0

[Event "Medellin IRT de Segunda Antioquia"]
[Site "Medellin"]
[Date "2019.05.22"]
[Round "1.6"]
[White "Giraldo Bohorquez, Lucas"]
[Black "Cordoba Rodriguez, Milton Dennis"]
[Result "1-0"]
[WhiteElo "1433"]
[BlackElo "1902"]
[PlyCount "63"]
[EventDate "2019.05.22"]
[EventType "swiss"]
[EventRounds "7"]
[EventCountry "COL"]
[SourceTitle "EXT 2024"]
[Source "ChessBase"]
[SourceDate "2023.10.10"]
[SourceVersion "1"]
[SourceVersionDate "2023.10.10"]
[SourceQuality "1"]

1. d4 e6 2. c4 Nf6 3. Nc3 Bb4 4. e3 b6 5. Nf3 Bb7 6. Bd2 0-0 7. Bd3 c5 8. 0-0 cxd4 9. Nxd4 Nc6 10. Nf3 Be7 11. Rc1 Nb4 12. Bb1 Rc8 13. b3 a5 14. Qe2 Na6 15. Rfd1 Ba3 16. Nb5 Bxc1 17. Bxc1 d5 18. e4 Nc5 19. Bg5 h6 20. Bh4 g5 21. Nxg5 Nfxe4 22. Nxe4 Qxh4 23. Ned6 Rb8 24. Rd4 Qf6 25. Rg4+ Kh8 26. Qc2 Ne4 27. f3 Qe5 28. fxe4 dxe4 29. Nxb7 Rxb7 30. Rxe4 Qc5+ 31. Kh1 Rd7 32. Rd4 1-0